01743cam a2200445 i 45000010009000000050017000090080041000260100017000670150019000840160018001030200030001210200027001510350024001780400056002020420014002580430021002720500022002930820018003151000039003332400028003722450063004002460019004632500019004822640046005013000045005473360026005923360028006183370028006463380027006745000047007015040051007486500036007996500035008357750142008709060045010129420012010579990019010699520097010889520112011852187630220250328091556.0200824s2020 enka b 001 0 eng d a 2020445176 aGBC0D08152bnb7 a0199077032Uk a9781474317238q(hardback) a1474317235q(hardback) a(OCoLC)on1197738825 aUKMGBbengcUKMGBerdadOCLCOdYDXdOCLCFdNTUdDLC alccopycat ae-uk-enae-uk-wl00aKD1629b.G66 202004a346.4207bMCK1 aMcKendrick, Ewan,eauthor.912822010aGoode on commercial law10aGoode and McKendrick on commercial law /cEwan McKendrick.30aCommercial law aSixth edition. 1aLondon :bLexisNexis Butterworths,c2020. acl, 1484 pages :billustrations ;c26 cm atextbtxt2rdacontent astill image2rdacontent aunmediatedbn2rdamedia avolumebnc2rdacarrier aPrevious edition: UK: Penguin Books, 2016. aIncludes bibliographical references and index. 0aCommercial lawzEngland.990037 0aCommercial lawzWales.912854808iRevision of:aGoode, Royston Miles.tCommercial law.b3rd ed.dLondon ; Dayton, Ohio : LexisNexis, 2004.w(DLC) 2005415996.z040696436X. a7bcbcccopycatd2encipf20gy-gencatlg 2ddccBK c613490d613490 00102ddc4070aNLSbNLSd2025-03-28l0o346.4207 MCKpNLS-1637r2025-03-28w2025-03-28yBK 00102ddc4070aNLSbNLSd2025-04-16l1m1o346.4207 MCKpNLS-1672r2025-11-10s2025-07-30w2025-04-16yBK